000 00383 a2200121 4500
001 ART_43852
005 20260410162026.0
008 260409a
245 1 0 _aInterfirm segregation and the black/white wage gap
100 1 _aCarrington, William J.
700 1 _aTroske, Kenneth R.
773 0 _tJournal of labor economics
_g- Vol. 16, NÂș 2 (abr. 1998)
_wREV43438
999 _c33543
_d33543